Bedmintonová ikona schudla na materskej 35 kilogramov! poštárka Gabriela Kaduková, za slobodna Zabavníková, potiahla košický Betpres k šiestemu titulu po sebe-

Bibliographic Details
Main Author: Tóth, Tomáš (Author)
Format: Article
Language:Slovak
Subjects:
Online Access:http://kosicednes.sk/sport-ine/bedmintonova-ikona-schudla-na-materskej-35-kilogramov/

MARC

LEADER 00000nab a2200000 a 4500
001 vtls011719736
003 SK-MaSNL
005 20260303083330.0
008 171109|20171108xo zr|p 000 0 slo
038 |a KEVKJB 
040 |a KEVKJB  |b slo  |c KEVKJB  |e AACR2 
041 0 |a slo 
044 |a xo  |c SK 
080 |a 796.344  |2 2011 
100 1 |a Tóth, Tomáš  |4 aut  |9 822529 
245 1 0 |a Bedmintonová ikona schudla na materskej 35 kilogramov!  |b poštárka Gabriela Kaduková, za slobodna Zabavníková, potiahla košický Betpres k šiestemu titulu po sebe-  |c Tomáš Tóth 
300 |b Fotogr. 
600 1 7 |a Kaduková, Gabriela  |2 kevkjb  |9 1089659 
600 1 7 |a Zabavníková, Gabriela,  |d 1984-  |2 kevkjb  |9 1089660 
610 2 7 |a Betpres Košice  |2 kevkjb  |9 1089661 
650 0 7 |a bedminton  |2 kevkjb  |9 3289 
651 7 |a Košice (Slovensko)  |2 kevkjb  |9 18694 
773 0 |t KOŠICE:DNES  |g Roč. 4, č. 212 (8.11.2017), s. 14-15  |x 1339-7605 
852 |a KEVKJB  |b KIS3GCP 
856 4 1 |u http://kosicednes.sk/sport-ine/bedmintonova-ikona-schudla-na-materskej-35-kilogramov/ 
958 |a BX 
999 |c 1791237  |d 1793167